ความเชื่อมั่นต่อสถาบันต่าง ๆ และความพึงพอใจต่อการบริการสาธารณะ พ.ศ. 2561 และสรุปผลการสำรวจ พ.ศ. 2545-2561 / (ระเบียนเลขที่ 97593)

รายละเอียดในรูปแบบ MARC
000 -LEADER
fixed length control field 02349nam a22003257a 4500
003 - CONTROL NUMBER IDENTIFIER
control field NALT
005 - DATE AND TIME OF LATEST TRANSACTION
control field 20250818153801.0
008 - FIXED-LENGTH DATA ELEMENTS--GENERAL INFORMATION
fixed length control field 200916b th ||||| |||| 00| 0 tha d
020 ## - INTERNATIONAL STANDARD BOOK NUMBER
International Standard Book Number 9786164760509
040 ## - CATALOGING SOURCE
Original cataloging agency NALT
050 ## - LIBRARY OF CONGRESS CALL NUMBER
Classification number JQ 1746.Z15.P82
Item number พ343ค 2562
110 2# - MAIN ENTRY--CORPORATE NAME
Corporate name or jurisdiction name as entry element สถาบันพระปกเกล้า
9 (RLIN) 2339
245 10 - TITLE STATEMENT
Title ความเชื่อมั่นต่อสถาบันต่าง ๆ และความพึงพอใจต่อการบริการสาธารณะ พ.ศ. 2561 และสรุปผลการสำรวจ พ.ศ. 2545-2561 /
Statement of responsibility, etc. สถาบันพระปกเกล้า ; คณะผู้จัดทำ ถวิลวดี บุรีกุล, รัชวดี แสงมหะหมัด, วิศิษฎ ชัชวาลทิพากร.
250 ## - EDITION STATEMENT
Edition statement พิมพ์ครั้งที่ 1.
260 ## - PUBLICATION, DISTRIBUTION, ETC.
Place of publication, distribution, etc. กรุงเทพฯ :
Name of publisher, distributor, etc. สำนักวิจัยและพัฒนา สถาบันพระปกเกล้า,
Date of publication, distribution, etc. 2562.
300 ## - PHYSICAL DESCRIPTION
Extent 290 หน้า :
Other physical details ภาพประกอบ, ตาราง, แผนที่, แผนภูมิ ;
Dimensions 30 ซม.
650 #4 - SUBJECT ADDED ENTRY--TOPICAL TERM
9 (RLIN) 42721
Topical term or geographic name entry element บริการสาธารณะ
General subdivision การสำรวจความคิดเห็น
650 #4 - SUBJECT ADDED ENTRY--TOPICAL TERM
9 (RLIN) 11952
Topical term or geographic name entry element บริการสาธารณะ
General subdivision ความพอใจของผู้ใช้บริการ
650 #4 - SUBJECT ADDED ENTRY--TOPICAL TERM
9 (RLIN) 32065
Topical term or geographic name entry element บริการสาธารณะท้องถิ่น
Geographic subdivision ไทย
650 #4 - SUBJECT ADDED ENTRY--TOPICAL TERM
9 (RLIN) 42142
Topical term or geographic name entry element นโยบายสาธารณะ
General subdivision การมีส่วนร่วมของประชาชน
650 #4 - SUBJECT ADDED ENTRY--TOPICAL TERM
9 (RLIN) 47361
Topical term or geographic name entry element สาธารณูปโภค
Geographic subdivision ไทย
General subdivision การมีส่วนร่วมของประชาชน
700 0# - ADDED ENTRY--PERSONAL NAME
Personal name ถวิลวดี บุรีกุล.
9 (RLIN) 2407
700 0# - ADDED ENTRY--PERSONAL NAME
Personal name รัชวดี แสงมหะหมัด.
9 (RLIN) 11954
700 0# - ADDED ENTRY--PERSONAL NAME
Personal name วิศิษฎ ชัชวาลทิพากร
9 (RLIN) 11956
710 2# - ADDED ENTRY--CORPORATE NAME
Corporate name or jurisdiction name as entry element สถาบันพระปกเกล้า.
Subordinate unit สำนักวิจัยและพัฒนา
9 (RLIN) 6552
850 ## - HOLDING INSTITUTION
Holding institution NALT
942 ## - ADDED ENTRY ELEMENTS (KOHA)
Koha item type Research/Thesis
Source of classification or shelving scheme Library of Congress Classification
998 ## - STAFF NAME (NALT)
-- 1020
-- นางจำเรียง ระวังสำโรง
รายการที่มีในห้องสมุด
Withdrawn status Lost status Source of classification or shelving scheme Damaged status Not for loan Collection code Home library Current library Date acquired Full call number Barcode Date last seen Price effective from Koha item type Shelving location
    Library of Congress Classification     Research & Theses collection National Assembly Library of Thailand National Assembly Library of Thailand 16/09/2020 ว JQ 1746.Z15P82 พ343ค 2562 3961211372 29/09/2020 16/09/2020 Research/Thesis  
    Library of Congress Classification     Senate National Assembly Library of Thailand National Assembly Library of Thailand 18/06/2023 ว JQ 1746.Z15P82 พ343ค 2562 0100008892001 27/07/2023 18/06/2023 Research/Thesis Research & Theses shelves
หอสมุดรัฐสภา
สำนักงานเลขาธิการสภาผู้แทนราษฎร เลขที่ 1111 ถนนสามเสน แขวงถนนนครไชยศรี เขตดุสิต กรุงเทพฯ 10300
The Secretariat of the House of Representatives 1111 Samsen Road, Thanon Nakhon Chai Si, Dusit, Bangkok 10300, THAILAND
โทรศัพท์: +66(0) 2242 5900 ต่อ 5714-5 โทรสาร: +66(0) 2242 5990 อีเมล: library@parliament.go.th